| 000 | 00681nam a22002291 4500 | ||
|---|---|---|---|
| 001 | 142299 | ||
| 003 | ES-MaACL | ||
| 005 | 20250902020940.0 | ||
| 007 | t| | ||
| 008 | 071004s1970 sp ||||0| spa d | ||
| 016 | 7 | _zIND2000946761 | |
| 040 |
_aM-BN _bspa _cCDM |
||
| 080 | _a658.8 | ||
| 100 | 1 |
_aWinkler, John. _9117090 |
|
| 245 | 1 | 0 |
_aMarketing para las empresas en desarrollo / _cJohn Winkler ; [traducción de Luis Salgado Martínez]. |
| 260 |
_a[Salamanca] : _bAnaya, _c1970. |
||
| 300 |
_a244 p. ; _c24 cm. |
||
| 650 | 1 | 7 |
_aMarketing _2embne _914796 |
| 700 | 1 |
_aSalgado Martínez, Luis. _9101903 |
|
| 852 |
_aES-MaACL _jC-44565 _bR.75782 |
||
| 999 |
_c142299 _d142299 |
||